Half A Century High lyrics by Phil Ochs - Statistics

General Stats
  • This quiz has been taken 2 times
  • The average score is 83 of 192
Answer Stats
% Correct
For
100%
High
100%
I
100%
Me
100%
So
100%
To
100%
A
50%
Alone
50%
And
50%
At
50%
Ball
50%
Be
50%
Behind
50%
Born
50%
But
50%
Can
50%
Century
50%
Command
50%
Could
50%
Feet
50%
Game
50%
Grown
50%
Half
50%
Have
50%
I'm
50%
In
50%
It
50%
Like
50%
My
50%
Now
50%
Of
50%
Old
50%
On
50%
Quarter
50%
Show
50%
Street
50%
Sworn
50%
That
50%
The
50%
Told
50%
Tube
50%
Was
50%
Where
50%
Again
0%
All
0%
Another
0%
Beat
0%
Blend
0%
Breath
0%
Disappeared
0%
Door
0%
Dots
0%
Dream
0%
End
0%
Fad
0%
Faded
0%
Figure
0%
Floor
0%
Free
0%
Friend
0%
Fulfilled
0%
Gave
0%
Had
0%
Heart
0%
I'd
0%
Killed
0%
Lies
0%
Light
0%
Little
0%
Looked
0%
Looking
0%
Low
0%
Man
0%
Mind
0%
Much
0%
Out
0%
Ran
0%
Sad
0%
See
0%
Sound
0%
Stare
0%
Then
0%
There
0%
Through
0%
Until
0%
Whenever
0%
World
0%
Would
0%
No matching quizzes found
Score Distribution
Percent of People with Each Score
Percentile by Number Answered
Your Score History
You have not taken this quiz